The Oxford handbook of aphasia and language disorders / (Record no. 113911)
[ view plain ]
| 000 -LEADER | |
|---|---|
| fixed length control field | 00724cam a2200217 i 4500 |
| 001 - CONTROL NUMBER | |
| control field | 19648212 |
| 005 - DATE AND TIME OF LATEST TRANSACTION | |
| control field | 20190918115901.0 |
| 008 - FIXED-LENGTH DATA ELEMENTS--GENERAL INFORMATION | |
| fixed length control field | 170516s2018 nyua bf 001 0 eng |
| 020 ## - INTERNATIONAL STANDARD BOOK NUMBER | |
| International Standard Book Number | 9780199772391 (hardcover : alk. paper) |
| 040 ## - CATALOGING SOURCE | |
| Transcribing agency | PK-LaUMT |
| 082 00 - DEWEY DECIMAL CLASSIFICATION NUMBER | |
| Classification number | 616.8552 |
| Edition number | 23 |
| Item number | OXF- |
| 245 04 - TITLE STATEMENT | |
| Title | The Oxford handbook of aphasia and language disorders / |
| Statement of responsibility, etc | edited by Anastasia M. Raymer, and Leslie J. Gonzalez Rothi |
| 260 ## - PUBLICATION, DISTRIBUTION, ETC. (IMPRINT) | |
| Place of publication, distribution, etc | Oxford : |
| Name of publisher, distributor, etc | Oxford University Press, |
| Date of publication, distribution, etc | 2018 |
| 300 ## - PHYSICAL DESCRIPTION | |
| Extent | xvi, 334 p. : |
| Other physical details | illustrations ; |
| Dimensions | 26 cm. |
| 490 0# - SERIES STATEMENT | |
| Series statement | Oxford library of psychology |
| 650 #0 - SUBJECT ADDED ENTRY--TOPICAL TERM | |
| Topical term or geographic name as entry element | Aphasia |
| 650 #0 - SUBJECT ADDED ENTRY--TOPICAL TERM | |
| Topical term or geographic name as entry element | Language disorders |
| 700 1# - ADDED ENTRY--PERSONAL NAME | |
| Personal name | Raymer, Anastasia M., |
| 700 1# - ADDED ENTRY--PERSONAL NAME | |
| Personal name | Gonzalez-Rothi, Leslie J., |
| 942 ## - ADDED ENTRY ELEMENTS (KOHA) | |
| Koha item type | Books |
| Withdrawn status | Lost status | Damaged status | Home library | Current library | Date acquired | Full call number | Barcode | Date last seen | Price effective from | Koha item type |
|---|---|---|---|---|---|---|---|---|---|---|
| UMT Main Campus | UMT Main Campus | 2019-09-18 | 616.8552 OXF- | 131508 | 2019-09-18 | 2019-09-18 | Books |
